| 000 | 01816nam2a2200265 4500 | ||
|---|---|---|---|
| 001 | RU\NLR\BIBL_A\011836864 | ||
| 005 | 20230317112148.0 | ||
| 010 |
_a978-5-907109-09-4 _9200 |
||
| 021 |
_aRU _bКН-П-18-071086 _9КН-П-18-5114 |
||
| 035 | _a(NLR Aleph) 011836864 | ||
| 035 | _a(RuMoRGB)009752357 | ||
| 090 |
_a12035831 _c12035831 |
||
| 100 | _a20181024d2018 k y0rusy50 ca | ||
| 101 | 0 | _arus | |
| 102 | _aRU | ||
| 105 | _aac z 000zy | ||
| 200 | 0 |
_a2018, вып. 18 _fМинистерство образования и науки Российской Федерации, Комитет образования, науки и молодежной политики Волгоградской области, Волгоградская государственная академия последипломного образования |
|
| 210 | _d2018 | ||
| 215 |
_a103 с. _cпортр., табл. |
||
| 320 | _aБиблиогр. в конце ст. | ||
| 461 | 0 |
_1001RU\NLR\bibl\1949185 _12001#$aКультура. Образование. Наука$eсборник научных трудов$fВолгогр. гос. акад. повышения квалификации и переподгот. работников образования, Каф. обществ. наук$gпод ред. проф. Д.В. Полежаева$v2018, вып. 18 _93531032 _cМосква _d2012 _fВолгогр. гос. акад. повышения квалификации и переподгот. работников образования, Каф. обществ. наук _nПланета _oсборник научных трудов _tКультура. Образование. Наука _v2018, вып. 18 |
|
| 942 | _cBOOK | ||
| 980 | _aNB | ||